000 01235nam a2200337 a 4500
001 000111512
003 CHAP
005 20220329144215.0
008 150514s2014 mx a fsm |||||||spa d
010 _a107974
011 _a108946
040 _cCHAP
090 _aTesis
100 1 _aVélez Torres, Álvaro
_9129399
245 1 0 _aPercepción del cambio climático de los agricultores peri-urbanos y rurales del municipio de León, Guanajuato
_h[En línea]
_cpor Álvaro Vélez Torres.
260 _aMorelia, Mich. :
_bEl autor,
_c2014.
500 _aPara ver el contenido del material haga clic en la liga
502 _aTesis (M. C. en Desarrollo Rural Regional) -- UACH. Dirección de Centros Regionales Universitarios
590 _aE6096MTM
_b05
_c20150514
_lUCH01
_h1013
590 _aE6096MTM
_b05
_c20150514
_lUCH01
_h1019
590 _aE6096MTM
_b05
_c20150514
_lUCH01
_h1437
650 1 4 _aAgricultores.
_91169
650 1 4 _aAgricultura
_zGuanajuato.
_91927
650 1 4 _aCambios climáticos.
_917792
650 1 4 _aCampesinado
_xGuanajuato.
_918015
650 1 4 _aClima
_xGuanajuato.
_923829
856 _aFinding aid
_uhttp://10.13.5.2/tesis/sist111512.pdf
_zTeclea aquí
901 _aBK
942 _cTESIS
942 _n0
999 _c107974
_d107974